00329nam a2200121Ia 4500008004100000041000800041082001700049100002100066245004500087260003500132300003300167365000700200240624s9999 xx 000 0 und d aeng a658.4092 HAR aHARRIS MICHAEL C aVALUE LEADERSHIP WINNING COMPETITIVE ADV c2003aNew DelhibPrentice-Hall axxvii, : 274 : p. : cm. ; 23 cRS